000 00588nam a22001817a 4500
999 _c12789
_d12789
008 250530b 2003 ||||| |||| 00| 0 eng d
020 _a9789280141672
082 _a341.75
_bIMO
110 _aIMO - International Maritime Organization
245 _aCOLREG : Convention on the international regulations for preventing collisions at sea, 1972
250 _a4th
260 _aLondon
_bIMO - International Maritime Organization
_c2003
300 _av, 50p.
650 _aSteering and sailing rules
650 _aLights and shapes
650 _aSound and Light signals
942 _cBK